INTRODUCTION TO FINANCIAL AND MANAGEMENT ACCOUNTING (Record no. 215870)
[ view plain ]
| 000 -LEADER | |
|---|---|
| fixed length control field | 00504nam a22001697a 4500 |
| 008 - FIXED-LENGTH DATA ELEMENTS--GENERAL INFORMATION | |
| fixed length control field | 250709b |||||||| |||| 00| 0 eng d |
| 020 ## - INTERNATIONAL STANDARD BOOK NUMBER | |
| International Standard Book Number | 978-1-4737-6434-7 |
| 050 ## - LIBRARY OF CONGRESS CALL NUMBER | |
| Classification number | HF 5635 .I58 2019 |
| 100 ## - MAIN ENTRY--PERSONAL NAME | |
| Personal name | EMEA CENGAGE |
| 245 ## - TITLE STATEMENT | |
| Title | INTRODUCTION TO FINANCIAL AND MANAGEMENT ACCOUNTING |
| 260 ## - PUBLICATION, DISTRIBUTION, ETC. | |
| Place of publication, distribution, etc. | UNITED KINGDOM |
| Name of publisher, distributor, etc. | CENGAGE LEARNING EMEA |
| Date of publication, distribution, etc. | 2019 |
| 300 ## - PHYSICAL DESCRIPTION | |
| Extent | IX,395P.:ILL |
| 500 ## - GENERAL NOTE | |
| General note | INCLUDES INDEX |
| 650 ## - SUBJECT ADDED ENTRY | |
| Topical term or geographic name entry element | 1. ACCOUNTING. 2. MANAGERIAL ACCOUNTING |
| 942 ## - ADDED ENTRY ELEMENTS (KOHA) | |
| Source of classification or shelving scheme | Library of Congress Classification |
| Koha item type | Long Loan Book |
| Withdrawn status | Lost status | Source of classification or shelving scheme | Damaged status | Not for loan | Collection | Home library | Current library | Shelving location | Date acquired | Inventory number | Total checkouts | Full call number | Barcode | Date last seen | Copy number | Price effective from | Koha item type | Date last checked out |
|---|---|---|---|---|---|---|---|---|---|---|---|---|---|---|---|---|---|---|
| Library of Congress Classification | Business & Economics | Kisii University Library | Kisii University Library | On Display | 07/09/2025 | 109035 | HF 5635 .I58 2019 | 000000020455 | 07/09/2025 | 1 | 07/09/2025 | Long Loan Book | ||||||
| Library of Congress Classification | Business & Economics | Kisii University Library | Kisii University Library | On Display | 07/09/2025 | 109036 | 1 | HF 5635 .I58 2019 | 000000020454 | 10/17/2025 | 2 | 07/09/2025 | Long Loan Book | 10/07/2025 | ||||
| Library of Congress Classification | Business & Economics | Kisii University Library | Kisii University Library | On Display | 07/09/2025 | 109037 | HF 5635 .I58 2019 | 000000020453 | 07/09/2025 | 3 | 07/09/2025 | Long Loan Book | ||||||
| Library of Congress Classification | Business & Economics | Kisii University Library | Kisii University Library | On Display | 07/09/2025 | 109038 | HF 5635 .I58 2019 | 000000020452 | 07/09/2025 | 4 | 07/09/2025 | Long Loan Book | ||||||
| Library of Congress Classification | Business & Economics | Kisii University Library | Kisii University Library | On Display | 07/09/2025 | 109039 | HF 5635 .I58 2019 | 000000020451 | 07/09/2025 | 5 | 07/09/2025 | Long Loan Book |